<?xml version="1.0" encoding="UTF-8"?><marc:collection xmlns:marc="http://www.loc.gov/MARC21/slim">
  <marc:record>
    <marc:leader>00000cem  2200000zi 4500</marc:leader>
    <marc:controlfield tag="001">9.962566</marc:controlfield>
    <marc:controlfield tag="003">CaOODSP</marc:controlfield>
    <marc:controlfield tag="005">20260505153913</marc:controlfield>
    <marc:controlfield tag="006">m     o  d f      </marc:controlfield>
    <marc:controlfield tag="007">cr cn|||||||||</marc:controlfield>
    <marc:controlfield tag="007">aj cznzn</marc:controlfield>
    <marc:controlfield tag="008">260505t20162016onc|   bh a  fo |   eng|d</marc:controlfield>
    <marc:datafield tag="034" ind1="1" ind2=" ">
      <marc:subfield code="a">a</marc:subfield>
      <marc:subfield code="b">500000</marc:subfield>
      <marc:subfield code="d">W0670000</marc:subfield>
      <marc:subfield code="e">W0630000</marc:subfield>
      <marc:subfield code="f">N1187500</marc:subfield>
      <marc:subfield code="g">N1160000</marc:subfield>
    </marc:datafield>
    <marc:datafield tag="040" ind1=" " ind2=" ">
      <marc:subfield code="a">CaOODSP</marc:subfield>
      <marc:subfield code="b">eng</marc:subfield>
      <marc:subfield code="e">rda</marc:subfield>
      <marc:subfield code="c">CaOODSP</marc:subfield>
    </marc:datafield>
    <marc:datafield tag="043" ind1=" " ind2=" ">
      <marc:subfield code="a">n-cn-nt</marc:subfield>
      <marc:subfield code="a">n-cn-nu</marc:subfield>
    </marc:datafield>
    <marc:datafield tag="086" ind1="1" ind2=" ">
      <marc:subfield code="a">M183-2/8034E-PDF</marc:subfield>
    </marc:datafield>
    <marc:datafield tag="110" ind1="2" ind2=" ">
      <marc:subfield code="a">Geological Survey of Canada.</marc:subfield>
      <marc:subfield code="e">cartographer, </marc:subfield>
      <marc:subfield code="e">issuing body.</marc:subfield>
    </marc:datafield>
    <marc:datafield tag="245" ind1="1" ind2="0">
      <marc:subfield code="a">Knowledge-driven (KD) prospectivity model for IOCG deposits in the Great Bear Magmatic Zone :  </marc:subfield>
      <marc:subfield code="b">Northwest Territories and Nunavut, NTS 85-N and 86-C, F and K, and parts of NTS 85-M and 86-D, E and L / </marc:subfield>
      <marc:subfield code="c">A. Kerswill, N. Hayward and D. Oneschuk.</marc:subfield>
    </marc:datafield>
    <marc:datafield tag="255" ind1=" " ind2=" ">
      <marc:subfield code="a">Scale 1:500,000 ; </marc:subfield>
      <marc:subfield code="b">Universal Transverse Mercator </marc:subfield>
      <marc:subfield code="c">(W 67°00'--W 63°00'/N -118°75'--N -116°00).</marc:subfield>
    </marc:datafield>
    <marc:datafield tag="264" ind1=" " ind2="1">
      <marc:subfield code="a">Ottawa, Ontario : </marc:subfield>
      <marc:subfield code="b">Geological Survey of Canada = Commission géologique du Canada, </marc:subfield>
      <marc:subfield code="c">2016.</marc:subfield>
    </marc:datafield>
    <marc:datafield tag="264" ind1=" " ind2="4">
      <marc:subfield code="c">©2016</marc:subfield>
    </marc:datafield>
    <marc:datafield tag="300" ind1=" " ind2=" ">
      <marc:subfield code="a">1 online resource (1 map) : </marc:subfield>
      <marc:subfield code="b">colour.</marc:subfield>
    </marc:datafield>
    <marc:datafield tag="336" ind1=" " ind2=" ">
      <marc:subfield code="a">cartographic image</marc:subfield>
      <marc:subfield code="2">rdacontent</marc:subfield>
    </marc:datafield>
    <marc:datafield tag="337" ind1=" " ind2=" ">
      <marc:subfield code="a">computer</marc:subfield>
      <marc:subfield code="2">rdamedia</marc:subfield>
    </marc:datafield>
    <marc:datafield tag="338" ind1=" " ind2=" ">
      <marc:subfield code="a">online resource</marc:subfield>
      <marc:subfield code="2">rdacarrier</marc:subfield>
    </marc:datafield>
    <marc:datafield tag="490" ind1="1" ind2=" ">
      <marc:subfield code="a">Open file = </marc:subfield>
      <marc:subfield code="a">Dossier public ; </marc:subfield>
      <marc:subfield code="v">8034</marc:subfield>
    </marc:datafield>
    <marc:datafield tag="500" ind1=" " ind2=" ">
      <marc:subfield code="a">"Base map at the scale of 1:250 000 from Natural Resources Canada, with modifications."</marc:subfield>
    </marc:datafield>
    <marc:datafield tag="500" ind1=" " ind2=" ">
      <marc:subfield code="a">"North American Datum 1983."</marc:subfield>
    </marc:datafield>
    <marc:datafield tag="650" ind1=" " ind2="0">
      <marc:subfield code="a">Minerals</marc:subfield>
      <marc:subfield code="z">Northwest Territories</marc:subfield>
      <marc:subfield code="z">Great Bear Lake Region</marc:subfield>
      <marc:subfield code="v">Maps.</marc:subfield>
    </marc:datafield>
    <marc:datafield tag="650" ind1=" " ind2="6">
      <marc:subfield code="a">Minéraux</marc:subfield>
      <marc:subfield code="z">Territoires du Nord-Ouest</marc:subfield>
      <marc:subfield code="z">Ours, Région du Grand lac de l'</marc:subfield>
      <marc:subfield code="v">Cartes.</marc:subfield>
    </marc:datafield>
    <marc:datafield tag="655" ind1=" " ind2="7">
      <marc:subfield code="a">Geological maps</marc:subfield>
      <marc:subfield code="2">lcgft</marc:subfield>
    </marc:datafield>
    <marc:datafield tag="655" ind1=" " ind2="7">
      <marc:subfield code="a">Digital maps</marc:subfield>
      <marc:subfield code="2">lcgft</marc:subfield>
    </marc:datafield>
    <marc:datafield tag="655" ind1=" " ind2="7">
      <marc:subfield code="a">Cartes géologiques</marc:subfield>
      <marc:subfield code="2">rvmgf</marc:subfield>
    </marc:datafield>
    <marc:datafield tag="655" ind1=" " ind2="7">
      <marc:subfield code="a">Cartes géographiques numériques</marc:subfield>
      <marc:subfield code="2">rvmgf</marc:subfield>
    </marc:datafield>
    <marc:datafield tag="700" ind1="1" ind2=" ">
      <marc:subfield code="a">Kerswill, J. A., </marc:subfield>
      <marc:subfield code="e">author.</marc:subfield>
    </marc:datafield>
    <marc:datafield tag="830" ind1="#" ind2="0">
      <marc:subfield code="a">Open file (Geological Survey of Canada)</marc:subfield>
      <marc:subfield code="v">8034.</marc:subfield>
      <marc:subfield code="w">(CaOODSP)9.832719</marc:subfield>
    </marc:datafield>
    <marc:datafield tag="856" ind1="4" ind2="0">
      <marc:subfield code="q">PDF</marc:subfield>
      <marc:subfield code="s">14.70 MB</marc:subfield>
      <marc:subfield code="u">https://publications.gc.ca/collections/collection_2026/rncan-nrcan/m183-2/M183-2-8034-eng.pdf</marc:subfield>
    </marc:datafield>
    <marc:datafield tag="856" ind1="4" ind2=" ">
      <marc:subfield code="q">HTML</marc:subfield>
      <marc:subfield code="s">N/A</marc:subfield>
      <marc:subfield code="u">https://doi.org/10.4095/298693</marc:subfield>
    </marc:datafield>
  </marc:record>
</marc:collection>
